| 000 | 00413cam a22001097a 4500 | ||
|---|---|---|---|
| 008 | 180718b1978 xxu||||| |||| 00| 0 eng d | ||
| 082 | _aR22068x54 In2/1974-75 | ||
| 245 |
_aThird occupational wage survey: bonus in mines and plantations, mica and tea factories and textile industries _cby Ministry of Labour |
||
| 260 |
_aChandigarh _bGovernment of India _c1978 |
||
| 300 | _av.p. | ||
| 700 | _aIndia. Ministry of Labour | ||
| 999 |
_c496062 _d496062 |
||